| 000 | 00362cam a2200145ua 4500 | ||
|---|---|---|---|
| 041 |
_amal _h |
||
| 082 |
_a894.8121 _bNAR/CI |
||
| 100 | _aNarayana Pillai, P K . | ||
| 245 |
_aChintaratnam / _cP K Narayana Pillai. _hTextual Documents |
||
| 260 |
_a : _bDr P K Narayana Pillai , _c1967. |
||
| 300 | _a159 ; . | ||
| 504 | _a | ||
| 942 | _cBK | ||
| 999 |
_c4847 _d4847 |
||